000 00581cab a2200217 4500
001 WB2743-33
008 090401t1991 xxu||||| |||| 00| 0 eng d
035 _a(Sirsi) u34186
041 _aeng
245 _aUBR increase
260 _c1991
350 _a0
490 _aFinancial Times
_v7 November 1991, 10 (1)
520 _aNext year the uniform business rate will be 40.2p in the pound, an increase of 4.1%.
650 _aRATE IN THE POUND
650 _aUBR
650 _aUNIFORM BUSINESS RATE
690 _aRATING AND VALUATION
942 _n0
948 _c04/03/1997
999 _c22676
_d22676